Città del Mondiale Sudafrica 2010 - Statistics

Statistiche generali
  • Questo quiz è stato fatto 16 volte
  • Il punteggio medio è 5 su 9
Statistiche sulle risposte
con Immagini Risposta % Corretto
Città del Capo
92%
Johannesburg
92%
Pretoria
83%
Bloemfontein
58%
Durban
50%
Port Elizabeth
50%
Polokwane
25%
Rustenburg
25%
Nelspruit
17%
Nessun quiz corrispondente trovato
Distribuzione punteggi
Percentuale di utenti per punteggio
Percentile per numero di risposta
I tuoi punteggi nel tempo
Non hai fatto questo quiz